The aerial atlas of ancient Crete

Αποθηκεύτηκε σε:
Λεπτομέρειες βιβλιογραφικής εγγραφής
Άλλοι συγγραφείς: Myers, J. Wilson (Επιμελητής έκδοσης), Myers, Eleanor Emlen (edtf), Cadogan, Gerald (Επιμελητής έκδοσης)
Μορφή: Βιβλίο
Γλώσσα:English
Δημοσίευση: London : Thames and Hudson, 1992.
Θέματα:
Ετικέτες: Προσθήκη ετικέτας
Δεν υπάρχουν, Καταχωρήστε ετικέτα πρώτοι!

MARC

LEADER 00000cam a2200000 i 4500
001 1/101715
008 000214s1992 eng d
020 |a 0-500-05066-X 
035 |l 10057797 
040 |a GR-MY-UA  |b gre  |e aacr 
041 0 |a eng 
082 0 |a 914.9980222 
245 1 4 |a The aerial atlas of ancient Crete /   |c edited by J. Wilson Myers, Eleanor Emlen Myers, Gerald Cadogan.  
260 |a London :   |b Thames and Hudson,   |c 1992.  
300 |a 318 σ.  
651 0 |a Crete (Greece)  |x Antiquities. 
651 0 |a Crete (Greece)  |x Aerial photographs. 
651 0 |a Crete (Greece)  |x Pictirial works. 
700 1 |a Myers, J. Wilson,  |e edt 
700 1 |a Myers, Eleanor Emlen,  |e edtf 
700 1 |a Cadogan, Gerald,  |e edt 
852 |a INST  |b RHODES  |e 20000214  |h 914.9980222 AER  |p 005400013969  |q 005400013969  |t REF  |y 23 
901 |a BIBL4-2000-1 
909 |a Ρ  |b 060279 
922 |a 4ΕΛΗ  |b 199810  |c ΚΠΣ/124  |d ΠΑΠΑΣΩΤΗΡΙΟΥ 
970 |a ΚΟΥΛΑΚΙΟΤΗ  |b ΛΙΤΣΑ  |z 2000/02/14